TV Characters in Suits! Quiz Stats

Quiz Updated Apr 17, 2016

Also try: Colorful TV Shows
Challenge
Share
Tweet
Score 0/30 Timer 10:00
3 Plays Today
% Correct
The Simpsons
98.4%
How I Met Your Mother
97.9%
Two and a Half Men
95%
The Big Bang Theory
92.7%
The Office
90.1%
Mad Men
84%
Modern Family
82.7%
American Dad!
81.2%
House of Cards
80.2%
30 Rock
79.5%
The X-Files
76.3%
Parks and Recreation
75.8%
The Sopranos
73%
Doctor Who
69.8%
Better Call Saul
60.9%
% Correct
Boardwalk Empire
58.4%
Entourage
53.2%
Supernatural
52%
Fawlty Towers
49.9%
Daredevil
46.1%
Suits
45.1%
Agents of S.H.I.E.L.D.
45%
Breaking Bad
44.9%
Hannibal
43.6%
Homeland
39.2%
BoJack Horseman
37.5%
Once Upon a Time
36.7%
Sherlock
33.2%
Six Feet Under
31.3%
Peaky Blinders
27.3%

You're not logged in!

Compare scores with friends on all Sporcle quizzes.
Join for Free
OR
Log In

You Might Also Like...

Show Comments

Extras

Top Quizzes Today


Score Distribution

Your Account Isn't Verified!

In order to create a playlist on Sporcle, you need to verify the email address you used during registration. Go to your Sporcle Settings to finish the process.

Report this User

Report this user for behavior that violates our Community Guidelines.

Details: